000 01720nam a22002777a 4500
999 _c60706
_d60706
003 Ge_BSU
005 20231011135232.0
008 231011s2023ge xxu||||| |||| 00| 0 geo d
020 _a9789941488788
041 _ageo
080 _a336.22(075.8)+336.221(075.8) ვ-39
100 _aვერულიძე, ვ. (ვაჟა) ავტორი.
_920057
245 _aგადასახადები და საგადასახადო დაბეგვრა :
_bსახელმძღვანელო /
_c ვაჟა ვერულიძე ; ეკატერინე შაინიძე; რედ. მურმან ცარციძე.
250 _aმეოთხე გადამუშავებული გამოცემა
264 _aბათუმი:
_bბათუმის შოთა რუსთაველის სახელმწიფო უნივერსიტეტი,
_c2023.
300 _a538 გვ.:
_bცხრ;
_c23 სმ.
504 _aბიბლიოგრაფ.გვ:538
511 _aმე-3 გვ.სათაური და ავტორები ინგ. ენაზე
653 _aგადასახადები
653 _aსაგადასახადო დაბეგვრა
653 _aეკონომიკა
700 _aშაინიძე, ეკატერინე
_eავტორი
_920058
700 _aცარციძე, მურმან
_eრედაქტორი
_913197
710 _aბათუმის შოთა რუსთაველის სახელმწიფო უნივერსიტეტი
_920059
942 _2udc
_cBK